Revitalizing Higher Agricultural Education in India: (Record no. 195091)

MARC details
000 -LEADER
fixed length control field 00660nam a22001937a 4500
005 - DATE AND TIME OF LATEST TRANSACTION
control field 20230216154131.0
010 ## - LCCN (DPL NO)
LC control number ENG-136207
020 ## - INTERNATIONAL STANDARD BOOK NUMBER
International Standard Book Number 9788190396331
Terms of availability 500.00
035 ## - SYSTEM CONTROL NUMBER
System control number EN-119739
037 ## - SOURCE OF ACQUISITION
Source of stock number/acquisition DBAD/PUB
082 ## - DEWEY DECIMAL CLASSIFICATION NUMBER
Classification number 630.717
100 ## - MAIN ENTRY--PERSONAL NAME
Personal name Tamboli,P M
245 ## - TITLE STATEMENT
Title Revitalizing Higher Agricultural Education in India:
Remainder of title Journey towards excellence/
Statement of responsibility, etc by P M Tamboli
260 ## - PUBLICATION, DISTRIBUTION, ETC. (IMPRINT)
Place of publication, distribution, etc Andhra pardesh
Name of publisher, distributor, etc Asian Agri- History Foundation
Date of publication, distribution, etc 2011
270 ## - ADDRESS
Address 47 ICRISAT Colony-I, Brig. Sayeed Road
City Andhra pardesh
Postal code 500009
300 ## - PHYSICAL DESCRIPTION
Extent 300p.
Other physical details Index of contents
Dimensions 25cm(hbk)
600 ## - SUBJECT ADDED ENTRY--PERSONAL NAME
Dates associated with a name by Y L Nene
942 ## - ADDED ENTRY ELEMENTS (KOHA)
Source of classification or shelving scheme Dewey Decimal Classification
Item type English Books
Classification part 630.7170954
Call number suffix TAM
Holdings
Withdrawn status Lost status Not for loan Collection code Home library Current library Date acquired Source of acquisition Cost, normal purchase price Full call number Barcode Copy number Cost, replacement price Koha item type
      Non-fiction Kadipur Kadipur 16/02/2023 DBAD/PUB 500.00 630.7170954 TAM EN-119739 1 500.00 English Books

© Delhi Public Library
Hit Counter
free hit counter